Fragrance Brands by their Country - Statistics

General Stats
  • This quiz has been taken 89 times
  • The average score is 14 of 20
Answer Stats
Brand Answer % Correct
Dior France
98%
Jean Paul Gaultier France
98%
Chanel France
96%
Versace Italy
96%
Georgia Armani Italy
95%
Tom Ford United States
90%
Dolce & Gabbana Italy
89%
Valentino Italy
88%
Givenchy France
86%
Prada Italy
81%
Burberry United Kingdom
69%
Montale France
64%
Rabbane Spain
60%
Hugo Boss Germany
58%
Carolina Herrera United States
54%
Lataffa United Arab Emirates
42%
Viktor & Rolf Netherlands
28%
Zoologist Canada
23%
Amouage Oman
22%
Nishane Turkey
20%
No matching quizzes found
Score Distribution
Percent of People with Each Score
Percentile by Number Answered
Your Score History
You have not taken this quiz